| 000 | 00485nam a22001817a 4500 | ||
|---|---|---|---|
| 003 | OSt | ||
| 005 | 20170105103443.0 | ||
| 008 | 120507t xxu||||| |||| 00| 0 eng d | ||
| 020 | _a9780521685634 | ||
| 040 | _cASAB | ||
| 100 |
_aShirely Hodgson _9235 |
||
| 245 |
_aA practical Guide to Human Cancer Genetics _cShirely Hodgson and William Foulkes |
||
| 250 | _a3 rd ed | ||
| 260 |
_aLondon _bCambridge Press |
||
| 300 | _a395 | ||
| 650 |
_aHuman Cancer Genetics _9236 |
||
| 942 |
_2ddc _cBK |
||
| 999 |
_c16521 _d16521 |
||